000
00356nam a2200181Ia 4500
100
_a
Sang/David/ Gibbs/D
650
_a
Physics
490
_v
2
942
_c
BK
366
_f
10
654
_a
physics
245
_a
Physics 2
260
_b
Cambride University press
_c
2001
082
_a
530/SAN
300
_a
166
546
_a
ENGLISH
999
_c
26912
_d
26912